Southville International School and Colleges
Your cart is empty.
  • Cart
  • Lists
    Public lists Eva Luna New books Lux_list list_1
    Your lists Log in to create your own lists
  • Log in to your account
  • Your cookies
  • Search history
Southville International School and Colleges
  • Advanced search
  • Recent comments
  • Most popular
  • Libraries

Log in to your account

Log in with GOOGLE


If you do not have an external account, but do have a local account, you can still log in:

  1. Home
  2. MARC view: Essentials of developmental economics /
Normal view MARC view ISBD view

Essentials of developmental economics / (Record no. 118028)

[ view plain ]
MARC details
000 -LEADER
fixed length control field 00597nam a2200181Ia 4500
003 - CONTROL NUMBER IDENTIFIER
control field SISC
005 - DATE AND TIME OF LATEST TRANSACTION
control field 20170116103445.0
008 - FIXED-LENGTH DATA ELEMENTS--GENERAL INFORMATION
fixed length control field 140609s9999 xx 000 0 und d
020 ## - INTERNATIONAL STANDARD BOOK NUMBER
International Standard Book Number 9789810689278
050 ## - LIBRARY OF CONGRESS CALL NUMBER
Classification number HB 171
Item number .T633 2011
100 ## - MAIN ENTRY--PERSONAL NAME
Personal name Todaro, Michael P.
245 ## - TITLE STATEMENT
Title Essentials of developmental economics /
Statement of responsibility, etc Michael P. Todaro, Stephen C. Smith, Ahmed N.Y. Meandahawi.
260 ## - PUBLICATION, DISTRIBUTION, ETC. (IMPRINT)
Place of publication, distribution, etc Singapore :
Name of publisher, distributor, etc Pearson Education South Asia Pte Ltd.,
Date of publication, distribution, etc 2011.
300 ## - PHYSICAL DESCRIPTION
Extent 466 pages :
Other physical details ill. ;
Dimensions 23 cm.
500 ## - GENERAL NOTE
General note Includes bibliographical references.
942 ## - ADDED ENTRY ELEMENTS (KOHA)
Call number prefix Foreign
Koha item type Books
Source of classification or shelving scheme Library of Congress Classification
Holdings
Withdrawn status Lost status Source of classification or shelving scheme Damaged status Home library Current library Shelving location Date acquired Source of acquisition Cost, normal purchase price Total Checkouts Full call number Barcode Date last seen Price effective from Koha item type
    Library of Congress Classification   College Library College Library General Circulation Section 06/09/2014 Donation 520.00   HB 171 .T633 2011 C18316 10/30/2014 06/09/2014 Books

Essentials of developmental economics /

APA

Todaro M. P., . (2011). Essentials of developmental economics. Singapore: Pearson Education South Asia Pte Ltd.

Chicago

Todaro Michael P, . 2011. Essentials of developmental economics. Singapore: Pearson Education South Asia Pte Ltd.

Harvard

Todaro M. P., . (2011). Essentials of developmental economics. Singapore: Pearson Education South Asia Pte Ltd.

MLA

Todaro Michael P, . Essentials of developmental economics. Singapore: Pearson Education South Asia Pte Ltd. 2011.

  • Place hold
  • Print
  • Cite
  • Add to your cart (remove)
  • Save record
    BIBTEX Dublin Core MARCXML MARC (non-Unicode/MARC-8) MARC (Unicode/UTF-8) MARC (Unicode/UTF-8, Standard) MODS (XML) RIS
  • More searches
    Search for this title in:
    Other Libraries (WorldCat) Other Databases (Google Scholar) Online Stores (Bookfinder.com) Open Library (openlibrary.org)

Exporting to Dublin Core...

SOUTHVILLE LIBRARY

Southville International School and Colleges Library

1281 Tropical Ave. Cor. Luxembourg St., BF Homes International, Las Pinas City

Tel. No. 8256374 / 252358 Loc. 117/146

Powered by Koha